ポケモンのなまえ(第4世代) - Statistics

General Stats
  • This quiz has been taken 230 times
    222 since last reset
  • The average score is 63 of 107
Answer Stats
Answer % Correct
ポッチャマ
94%
ナエトル
93%
ドダイトス
93%
ヒコザル
93%
ゴウカザル
92%
モウカザル
91%
ポッタイシ
91%
エンペルト
91%
ディアルガ
91%
パルキア
91%
ハヤシガメ
87%
ムックル
87%
ムクバード
87%
ムクホーク
86%
ギラティナ
84%
ダークライ
84%
アルセウス
83%
ガブリアス
82%
フカマル
79%
ガバイト
78%
ユクシー
77%
アグノム
77%
シェイミ
76%
ビッパ
74%
コリンク
74%
レントラー
74%
ルカリオ
74%
エムリット
74%
ヒードラン
74%
クレセリア
73%
ビーダル
71%
リオル
71%
レジギガス
70%
ルクシオ
69%
ロズレイド
68%
ユキノオー
68%
エレキブル
68%
ブーバーン
67%
ズガイドス
65%
タテトプス
61%
スボミー
60%
ラムパルド
60%
ミカルゲ
60%
ユキカブリ
60%
マナフィ
60%
パチリス
59%
リーフィア
58%
グレイシア
58%
ユキメノコ
57%
フィオネ
57%
トリデプス
56%
フワライド
56%
コロトック
55%
ブイゼル
55%
フワンテ
55%
コロボーシ
54%
ジバコイル
53%
エルレイド
53%
ミノムッチ
51%
フローゼル
51%
ミミロル
51%
ミミロップ
51%
ムウマージ
51%
マニューラ
51%
ミノマダム
50%
ミツハニー
50%
ビークイン
50%
トリトドン
50%
ブニャット
50%
トゲキッス
50%
ドータクン
49%
ドーミラー
48%
カラナクシ
46%
グレッグル
46%
ロトム
46%
ガーメイル
45%
チェリム
45%
ドンカラス
45%
ニャルマー
45%
ドサイドン
45%
チェリンボ
44%
スカンプー
44%
ドクロッグ
44%
マンムー
44%
スカタンク
43%
ゴンベ
42%
マスキッパ
42%
ヒポポタス
40%
カバルドン
40%
ヨノワール
40%
エテボース
39%
マネネ
39%
ピンプク
38%
スコルピ
38%
ドラピオン
37%
ダイノーズ
37%
ベロベルト
36%
メガヤンマ
36%
グライオン
36%
リーシャン
32%
ウソハチ
32%
ケイコウオ
32%
ネオラント
32%
ペラップ
31%
ポリゴンZ
30%
モジャンボ
28%
タマンタ
26%
No matching quizzes found
Score Distribution
Percent of People with Each Score
Percentile by Number Answered
Your Score History
You have not taken this quiz since the last reset